000
00276nam a22001337a 4500
008
170526b xxu||||| |||| 00| 0 eng d
020
_a
0809656966
041
_a
eng
080
_a
007.52
100
_a
27
101
_a
IM
245
_a
SOFTWARE
_c
VIRGINA.A
942
_2
udc
_c
BK
999
_c
14387
_d
14387